00301nam a2200109 a 4500008004100000050001400041100003000055245004600085260003000131300002100161350000900182120416s1953 ||||||||||||||||| || u aHB 85 Hut aHutchison, Terence Wilmot12aA review of economic doctrines, 1870-1929 aOxfordbClarendonc[1953] axiv, 456p. : ill a0.00